Biggest Cities within the Tropics - Statistics

General Stats
  • This quiz has been taken 382 times
    372 since last reset
  • The average score is 20 of 30
Answer Stats
# Population City % Correct
2 29.2m Jakarta
92%
14 12.5m Rio de Janeiro
92%
6 22.1m São Paulo
91%
10 15.6m Kinshasa
88%
3 27.2m Manila
86%
8 20.7m Lagos
84%
15 11.8m Lima
84%
4 27.1m Mumbai
84%
17 10.4m Bogotá
83%
7 21.2m Bangkok
80%
20 9.30m Kuala Lumpur
80%
1 70.1m Guangzhou
79%
5 25.1m Mexico City
79%
12 13.9m Ho Chi Minh City
78%
30 6.70m Nairobi
77%
22 7.85m Singapore
74%
26 7.15m Hanoi
73%
13 12.6m Chennai
70%
11 14.2m Bangalore
68%
9 17.7m Kolkata
68%
25 7.25m Hong Kong
61%
16 11.4m Hyderabad
55%
19 9.35m Luanda
54%
27 7.05m Khartoum
50%
28 6.95m Bandung
46%
29 6.80m Abidjan
40%
18 9.60m Ahmedabad
39%
23 7.75m Pune
34%
23 7.75m Surat
25%
21 8.00m Shantou
7%
No matching quizzes found
Score Distribution
Percent of People with Each Score
Percentile by Number Answered
Your Score History
You have not taken this quiz since the last reset